|
|
|
|
| LEADER |
01004nam a2200253 a 4500 |
| 001 |
GR-MES116 |
| 008 |
991111s1992 gr 000 b eng d |
| 020 |
|
|
|a 0913235660
|
| 040 |
|
|
|a GrPaTEI
|b gre
|c GR-PaULI
|
| 245 |
0 |
0 |
|a Culture and propagation of striped bass and its hybrids.
|
| 260 |
|
|
|a Maryland :
|b Striped Bass Committee,
|c 1992
|
| 300 |
|
|
|a xii,323σελ. :
|b εικ.,πιν.
|
| 504 |
|
|
|a Βιβλιογραφία : σελ.263-293
|
| 650 |
|
4 |
|a Σαρδέλα-Αναπαραγωγή
|
| 650 |
|
4 |
|a Σαρδέλα-Καλλιέργεια
|
| 650 |
|
4 |
|a Σαρδέλα-Υβρίδια
|
| 700 |
1 |
|
|a Harrell, Reginal M.
|
| 700 |
1 |
|
|a Kerby, Jerome H.
|
| 700 |
1 |
|
|a Minton, Vernon R.
|
| 710 |
0 |
|
|a Striped Bass Committee
|
| 942 |
|
|
|2 ddc
|
| 952 |
|
|
|0 0
|1 0
|2 ddc
|4 0
|6 639_372000000000000_HAR
|7 0
|9 263389
|a MSLG
|b MSLG
|c BSC
|d 2021-01-17
|e 24
|f 0
|g 0.00
|l 0
|o 639.372 HAR
|p 2420000003913
|r 2021-01-17 00:00:00
|t 1
|w 2021-01-17
|y BK15
|x 19991111 0 1
|x GrPaTEI
|
| 971 |
|
|
|a .b2571157x
|b 15-04-20
|c 13-09-16
|
| 999 |
|
|
|c 151605
|d 151605
|